Leader xxxxxxxxxx
001 __ PCLIS00044131
005 __ 20220104132144.0
010 0_ |a978-957-8323-86-5|b平裝|dNT$250
100 __ |a20111124d2011 m y0chiy09 e
101 0_ |achi
102 __ |atw
105 __ |aa z 000zd
200 1_ |a山豬.飛鼠.撒可努|h3|i外公的海|f亞榮隆.撒可努著
205 __ |a再版
210 __ |a臺北縣板橋市|c耶魯國際文化出版|c商流文化經銷|d2011[民100]
215 0_ |a277面|c圖|d21公分
225 2_ |a易讀書坊|v011
300 __ |a著者漢名戴志強
300 __ |a著者由t038取自亞榮隆
461 _1 |12001 |a山豬.飛鼠.撒可努
517 1_ |a外公的海|zchi
606 __ |2cst|a排灣族
606 __ |2cst|a社會生活
606 __ |2cst|a風俗
681 __ |a536.3361|b8464
700 _1 |a亞榮隆.|b撒可努|4著
801 _0 |atw|b內湖高中|c20111124|gCCR
|